01630nam a2200325 a 450000100100000000500170001000800410002702000150006804000250008308200150010824000500012324501960017326000280036930000190039749000480041650000210046450000420048550000340052753400390056150502130060065000260081370000420083970000300088170000430091183000560095491000410101095201190105195201190117099900150128900000450820200929151441.0090723s1991 es a 001 0 spa d a8477749973 aDO-SdBNPbspacBNPHU a410bP195L00aLinguistics : the Cambridge SurveylEspañol00aPanorama de la lingüistica moderna de la Universidad de Cambridge /ccompilación de Frederick J. Newmeyer ; edición supervisada por Luis Eguren ; traducción Javier Gómez Guinovanrt. aMadrid :bRogar,c1991. a4 v. ;c23 cm.1 aVisor, lingüística y conocimientov7-10 aIncluye índice aIncluye notas al pie de las páginas aLa biblioteca posee v.1 y v.2 aLinguistics : the Cambridge Survey2 av. 1.Teoría lingüistica: fundamentos. v. 2 -- Teoría lingüística: extensiones e implicaciones. v.3 -- El lenguaje: aspectos psicológicos y biológicos. v.4 -- El lenguaje: contexto socio-cultural 4aLingüística940351 aNewmeyer, Frederick F.,ecomp.9131801 aEguren, Luis,eed.9131811 aGómez Guinovart, Javier,etr.913182 1aVisor, lingüística y conocimientonv7-10913183 aValidado. Control de calidad MMOLINA 001050718MOaGRbGRcCTd2009-07-23iLF1l0o410 P195L | v. Ip4508-10r2020-06-25w2020-06-25y1ZNo se presta 001050718MOaGRbGRcCTd2009-07-23iLF1l0o410 P195L | v. 2p4508-20r2020-06-25w2020-06-25y1ZNo se presta c4317d4317